书目信息 |
| 题名: |
实用小提琴演奏法
|
|
| 作者: | 刘民衡 , 刘建军 著 | |
| 分册: | ||
| 出版信息: | 北京 人民音乐出版社 1999 |
|
| 页数: | 290页 | |
| 开本: | 19cm | |
| 丛书名: | ||
| 单 册: | ||
| 中图分类: | J622.16 | |
| 科图分类: | ||
| 主题词: | 小提琴 , 奏法 , 小提琴--奏法 | |
| 电子资源: | ||
| ISBN: | 7-103-01794-8 | |
| 000 | 00861nam0 2200253 45 | |
| 001 | 012000051214 | |
| 005 | 20070806180048.70 | |
| 010 | @a7-103-01794-8@dCNY11.50 | |
| 100 | @a20001113d1999 em y0chiy0121 ea | |
| 101 | 0 | @achi |
| 102 | @aCN@b110000 | |
| 105 | @ag z 000yy | |
| 200 | 1 | @a实用小提琴演奏法@9shi yong xiao ti qin yan zou fa@f刘民衡,刘建军著 |
| 210 | @a北京@c人民音乐出版社@d1999 | |
| 215 | @a290页@d19cm | |
| 330 | @a本书是刘民衡父子二人合作而成的。总结和讲述了刘民衡数十年来从事演奏和教学实践所积累的经验,以及所学到的世界各派演奏方法,同时总结了刘建军多年练琴、演奏及教学实践中所记载积累的心得体会等。 | |
| 606 | 0 | @a小提琴 |
| 606 | 0 | @a奏法 |
| 606 | 0 | @a小提琴@x奏法 |
| 690 | @aJ622.16@v4 | |
| 701 | 0 | @a刘民衡@9liu min heng@4著 |
| 701 | 0 | @a刘建军@9liu jian jun@4著 |
| 801 | 0 | @aCN@bNLC@c20070806 |
| 905 | @a10447@dJ622.16@e200 | |
| 实用小提琴演奏法/刘民衡,刘建军著.-北京:人民音乐出版社,1999 |
| 290页;19cm |
| ISBN 7-103-01794-8:CNY11.50 |
| 本书是刘民衡父子二人合作而成的。总结和讲述了刘民衡数十年来从事演奏和教学实践所积累的经验,以及所学到的世界各派演奏方法,同时总结了刘建军多年练琴、演奏及教学实践中所记载积累的心得体会等。 |
| ● |
| 相关链接 |
|
|
|
|
正题名:实用小提琴演奏法
索取号:J622.16/200
 
预约/预借
| 序号 | 登录号 | 条形码 | 馆藏地/架位号 | 状态 | 备注 |
| 1 | 0804628 | 208046283 | 第一样本阅览室/ [索取号:J622.16/200] | 在馆 | |
| 2 | 0804629 | 208046292 | 第一借阅区/ [索取号:J622.16/200] | 在馆 | |
| 3 | 0804630 | 208046309 | 第一借阅区/ [索取号:J622.16/200] | 在馆 | |
| 4 | 0804631 | 208046318 | 第一借阅区/ [索取号:J622.16/200] | 在馆 | |
| 5 | 0804632 | 208046327 | 音乐系资料室/ [索取号:J622.16/200] | 在馆 |